Пътят към новото (Запис номер 125168)
[ съкратено ]
| 000 -Лидер | |
|---|---|
| Контролно поле с фиксирана дължина | nam a22 a 4500 |
| 003 - Код на организацията, давaща контролен номер | |
| Контролно поле | BLK |
| 005 - Дата и час на последна редакция | |
| Контролно поле | 20220523142248.0 |
| 008 - Елементи от данни с фиксирана дължина | |
| fixed length control field | 180409b bul|||||r ||||||| ||bul|| |
| 010 ## - Наследен системен номер | |
| LC control number | KNG00130837000 |
| 040 ## - Източник на каталожния запис | |
| Идентификатор на билиотеката - собственик на записа | BLK |
| 041 ## - Код за език | |
| Код за езика на текст/звукозапис или на отделно заглавие | Български |
| Код за езика КДБФ | Български |
| 080 ## - УДК | |
| Текстов определител УДК | Организация на производството (на производствения процес) |
| УДК код - определител по УДК | 658.5 |
| УДК определител | :664(497.2) |
| УДК - код + определител | 658.5:664(497.2) |
| 100 1# - Редна дума - Автор | |
| Автор | Балкански, Стефан |
| Авторска отговорност | първи автор |
| R(LIN) | 319249 |
| 139 ## - Редно поле | |
| Редна дума | Балкански, Стефан |
| Авторски знак | Балк - Б 23 |
| 245 10 - Сведения за заглавието | |
| Заглавие | Пътят към новото |
| Подзаглавни данни | Из опита на обединеното пром. предпр. Малчика по прилагането на новата система на планиране и ръководство на нар. стопанство |
| Редно поле (дума) | Стефан Балкански. |
| 257 ## - Страна на издаване | |
| Страна на създаване/издаване | България |
| 260 ## - Област на издателските данни | |
| Място на издаване, разпространение и проч. | София |
| Име на издателя, разпространителя и проч. | БКП |
| Година на издаване | 1965 |
| 300 ## - Физическа характеристика | |
| Страници | 56 с. |
| Размери/Мащаб | 21 см |
| 380 ## - Жанр | |
| Жанр | Техника |
| 490 ## - СЕРИИ (Колекции) | |
| Име на серия | Челен опит - промишленост, строителство, транспорт и търговия |
| №: серия | 4 |
| 9 (RLIN) | 205776 |
| 650 #4 - Допълнително описание по предмет – тема | |
| Основно описание – тема или топоним | Хранително-вкусова промишленост - икономика и организация |
| 9 (RLIN) | 278263 |
| 650 #4 - Допълнително описание по предмет – тема | |
| Основно описание – тема или топоним | Захарна промишленост - икономика |
| 9 (RLIN) | 319250 |
| 651 #4 - Допълнително описание по предмет - топоним | |
| Географско понятие | България |
| 9 (RLIN) | 241624 |
| 653 ## - Ключова дума – ненормативна | |
| Ключова дума | хранително-вкусова промишленост |
| 653 ## - Ключова дума – ненормативна | |
| Ключова дума | захарна промишленост |
| 653 ## - Ключова дума – ненормативна | |
| Ключова дума | управленски практики |
| 852 ## - Местоположение | |
| Форматна сигнатура | Цб 35764 |
| Фондова буква | Хранилище |
| 856 4# - Електронен адрес и достъп | |
| Електронен формат | pdf - файл |
| 856 4# - Електронен адрес и достъп | |
| Електронен формат | pdf - файл |
| 999 ## - СИСТЕМНИ КОНТРОЛНИ НОМЕРА | |
| Koha biblionumber | 125168 |
| Koha biblioitemnumber | 125168 |
| 942 ## - АРТИКУЛИ | |
| Вид на библиотечния материал | Книги |
| Скрит в OPAC | Не |
| Периодичен библиозапис | Да |
| 944 ## - СЪЗДАВАНЕ И РЕДАКЦИЯ на ЗАПИСА | |
| Създаване/Редакция | Създаване |
| Дата на регистрацията/редакция | 22.05.2012 |
| Статус, дата на статуса | 22.05.2012 - от С1,Р / 22.05.2012 |
| Служител, извършил регистрацията/редакцията | Виолета_Тройчева |
| 944 ## - СЪЗДАВАНЕ И РЕДАКЦИЯ на ЗАПИСА | |
| Създаване/Редакция | Редакция |
| Дата на регистрацията/редакция | 2022-05-23 |
| Служител, извършил регистрацията/редакцията | ГГГ |
| Код за отписване | Код за изгубен артикул | Източник на класификационната схема | Код за повреда | Коз за рестрикции | Код за отдаване | Артикулен № | Име на библиотеката - собственик | Име на библиотеката, в която се намира в момента | Статус (Текущо местоположение) | Дата на вписване в системата | Местоположение - отдел | Цена в лева | Инвентарен номер | Систематично азбучна сигнатура | Баркод | Номер на екземпляра | Цена в евро | Служебна бележка | Служебен тип на артикула |
|---|---|---|---|---|---|---|---|---|---|---|---|---|---|---|---|---|---|---|---|
| Не е изгубен | Universal Decimal Classification | Не е повреден | само за читалня | ползва се в читалня | 203438 | Регионална библиотека "Любен Каравелов" Русе | Регионална библиотека "Любен Каравелов" Русе | Хранилище | 2022-05-23 | Хранилище | 0.16 | 18389/65 | Цб 35764 | 900000096337 | 1 | 0.08 | Дост: Dp Вид: Д N: стар фонд Дата: 01.01.1965 | Книги | |
| Изтеглен | Не е изгубен | Universal Decimal Classification | Не е повреден | без рестрикции | заемане за дома | 203439 | Регионална библиотека "Любен Каравелов" Русе | Регионална библиотека "Любен Каравелов" Русе | Заемна - подръчен фонд | 1965-01-01 | Заемна - подръчен фонд | 0.00 | 18904/65 | П 658.5/Б 23 | 18904/65 | 2 | 0.00 | Дост: Pk Вид: Ф N: стар фонд Дата: 01.01.1965 | Книги |
| Изтеглен | Не е изгубен | Universal Decimal Classification | Не е повреден | без рестрикции | заемане за дома | 203440 | Регионална библиотека "Любен Каравелов" Русе | Регионална библиотека "Любен Каравелов" Русе | Заемна - подръчен фонд | 1965-01-01 | Заемна - подръчен фонд | 0.00 | 18905/65 | П 658.5/Б 23 | 18905/65 | 3 | 0.00 | Дост: Pk Вид: Ф N: стар фонд Дата: 01.01.1965 | Книги |
| Изтеглен | Не е изгубен | Universal Decimal Classification | Не е повреден | без рестрикции | заемане за дома | 203441 | Регионална библиотека "Любен Каравелов" Русе | Регионална библиотека "Любен Каравелов" Русе | Заемна - подръчен фонд | 1965-01-01 | Заемна - подръчен фонд | 0.00 | 18906/65 | П 658.5/Б 23 | 18906/65 | 4 | 0.00 | Дост: Pk Вид: Ф N: стар фонд Дата: 01.01.1965 | Книги |